Riconosci il Pokémon - Quiz n°279 - Statistics

Statistiche generali
  • Questo quiz è stato fatto 4 volte
  • Il punteggio medio è 10 su 10
Statistiche sulle risposte
Indizio Risposta % Corretto
Altezza 0,6 m
100%
Peso 12,0 kg
100%
Tasso di cattura 190 (35.2%)
100%
Sesso 50% ♂, 50% ♀
100%
Tipo Acqua
100%
Stadio evoluzione Forma Base
100%
Tasso di allevamento Medio-Veloce
100%
Generazione Seconda
100%
Abilità Tuttafretta; Cecchino; Altalena
100%
Pokémon Remoraid
50%
Nessun quiz corrispondente trovato
Distribuzione punteggi
Percentuale di utenti per punteggio
Percentile per numero di risposta
I tuoi punteggi nel tempo
Non hai fatto questo quiz